| 000 | 00877nam a22002297a 4500 | ||
|---|---|---|---|
| 003 | PE SENCICO BE | ||
| 005 | 20251020182622.0 | ||
| 008 | 221213b |||||||| |||| 00| 0 eng d | ||
| 020 | _a978-84-15053-20-0 | ||
| 040 |
_aPE SENCICO BE _cPE SENCICO BE |
||
| 041 | _aspa | ||
| 082 |
_a778.3 _bL26 |
||
| 100 | 1 |
_9269 _aLardner, Joel |
|
| 245 | 1 |
_aTécnicas de arte digital para ilustradores y artistas : _bla guía esencial para crear trabajos de arte e ilustración con photoshop, ilustrator y otros programas / _cJoel Lardner y Paul Roberts |
|
| 260 |
_aBarcelona : _bAcanto, _c2012 |
||
| 300 |
_a224 p. : _bil. col., lam., diagrs. ; _c26 cm. |
||
| 650 | 1 | 0 |
_aDiseño gráfico _9196 |
| 650 | 2 | 0 |
_aProcesamiento de imágenes _9271 |
| 650 | 2 | 4 |
_9272 _aPHOTOSHOP (PROGRAMA PARA COMPUTADORA) |
| 910 |
_bhfp _chfp |
||
| 942 |
_2ddc _cLIB _h741.60285 _iL26 |
||
| 999 |
_c3689 _d3689 |
||